000 01046nam a2200313 i 4500
003 EG-GICUC
005 20260225115354.0
008 260225s1998 us ||||fr|||| 00| 0 eng d
020 _a151050957
040 _aEG-GiCUC
_beng
_cEG-GiCUC
_dEG-GiCUC
_erda
082 0 4 _221
_a341.77
_bST
092 0 4 _221
099 _aLaw1 11 341.77 ST 1998
245 1 4 _aThe Statute of the International Criminal Court :
_bA Documentary History /
_cCherif Bassiouni.
264 1 _aNew York :
_bTransnational Publishers, Inc. Ardsley,
_c1998.
300 _a793pages :
_billustrations,
_c24 cm
336 _2rda content
_atext
337 _2rda media
_aComputer
338 _2rda carrier
_aOnline Resource
504 _a
546 _aText in English
590 _aإهداء مكتبة الأستاذ الدكتور صلاح عامر
650 1 4 _aPublic international law
_2
651 1 _2
700 1 _aCherif Bassiouni
_eCompiler.
856 4 0 _uhttps://fll.law.cu.edu.eg/fulltext/bks/B11-08041.pdf
905 _a50
942 _2ddc
_cBK
_e21
_n0
999 _c64199
_d64199